Statistics for Geography Overlap Chain Quiz #1

Click here to take the quiz!

General Stats

  • This quiz has been taken 123 times
  • The average score is 10 of 16

Answer Stats

Hint # Answer % Correct
Largest country in area3Russia
91%
Japan city famous for its beef2Kobe
85%
Former name for a southeast Asian country3Siam
83%
Eastern European country2Belarus
82%
South American capital2Lima
72%
West coast U. S. state2California
72%
Middle Eastern capital2Amman
70%
Dutch Caribbean island-Aruba
68%
Canadian province3Manitoba
64%
African country and great lake2Malawi
63%
Midwestern U. S. state2Wisconsin
62%
Denpasar is its capital2Bali
58%
West African capital2Bamako
54%
West African capital3Niamey
49%
Mexican state2Oaxaca
23%
Mexican state3Sinaloa
19%

Score Distribution

Percentile by Number Answered

Percent of People with Each Score

Your Score History

You have not taken this quiz